| Поле | Инд. | ПП | Название | Значение |
|---|---|---|---|---|
| Тип записи | a | |||
| Библиографический уровень | b | |||
| 001 | Контрольный номер | RU/IS/BASE/265909945 | ||
| 005 | Дата корректировки | 20220715140356.3 | ||
| 008 | Кодируемые данные | 20080604 | ||
| 040 | b | Код языка каталог. | rus | |
| e | Правила каталог. | PSBO | ||
| 041 | 0_ | a | Код языка текста | rus |
| 084 | a | Индекс другой классификации/Индекс ББК | 60.561.51(2Рос); 83.3(2=411.2)6; 60.562.6 | |
| 245 | 11 | a | Заглавие | [Семейные роли и ориентации в контексте демографического кризиса] |
| b | Продолж. заглавия | [подборка статей] | ||
| 500 | a | Примечание | Материалы круглого стола, состоявшегося на социологическом факультете Московского государственного университета им. М. В. Ломоносова | |
| 504 | a | Библиография | Библиогр. ссылки. - Примеч. | |
| 505 | 0_ | a | Форматированное содержание | О работе круглого стола |
| 505 | 0_ | a | Форматированное содержание | Фамилистический анализ советской детской поэзии (об эволюции ребенка в семье) |
| b | Автор | Киселева Е. А. | ||
| 505 | 0_ | a | Форматированное содержание | Поиск способов изменения демографической ситуации в России |
| b | Автор | Лебедь О. Л. | ||
| 505 | 0_ | a | Форматированное содержание | Деформация российской семьи в период с конца XIX в. до настоящего времени (по материалам анализа частушек) |
| b | Автор | Носовелова Е. Н. | ||
| 505 | 0_ | a | Форматированное содержание | Внутрисемейное взаимодействие в контексте социальных связей |
| b | Автор | Палилова И. Э. | ||
| 505 | 0_ | a | Форматированное содержание | О применении аналитической техники Жака Лакана к исследованию семьи |
| b | Автор | Титова М. А. | ||
| 505 | 0_ | a | Форматированное содержание | Изучение ценностных ориентаций и семейного поведения городского населения современной России |
| b | Автор | Узик А. В. | ||
| 600 | 14 | a | Персоналии | Лакан Жак де |
| 650 | 04 | a | Основная рубрика | история литературы |
| a | Основная рубрика | литературоведение | ||
| a | Основная рубрика | социология | ||
| a | Основная рубрика | социология литературы | ||
| a | Основная рубрика | социология семьи | ||
| a | Основная рубрика | филологические науки | ||
| 653 | 0_ | a | Ключевые слова | XX век |
| a | Ключевые слова | аналитическая техника | ||
| a | Ключевые слова | внутрисемейные отношения | ||
| a | Ключевые слова | демографический кризис | ||
| a | Ключевые слова | демография | ||
| a | Ключевые слова | дети | ||
| a | Ключевые слова | детская литература | ||
| a | Ключевые слова | детско-родительские отношения | ||
| a | Ключевые слова | кризис семьи | ||
| a | Ключевые слова | литература | ||
| a | Ключевые слова | Россия | ||
| a | Ключевые слова | семейное поведение | ||
| a | Ключевые слова | семейные отношения | ||
| a | Ключевые слова | советская литература | ||
| a | Ключевые слова | стихотворения | ||
| a | Ключевые слова | фамилистика | ||
| a | Ключевые слова | фольклор | ||
| a | Ключевые слова | ценностные ориентации | ||
| a | Ключевые слова | частушки | ||
| 700 | 12 | a | Автор | Киселева Е. А. |
| 700 | 1_ | a | Автор | Лебедь О. Л. |
| 700 | 1_ | a | Автор | Новоселова Е. Н. |
| 700 | 1_ | a | Автор | Палилова И. Э. |
| 700 | 1_ | a | Автор | Титова М. А. |
| 700 | 1_ | a | Автор | Узик А. В. |
| 773 | 08 | t | Заглавие источника | Вестник Московского университета. Серия 18, Социология и политология |
| d | Дата издания источника | 2007 | ||
| g | Прочая информация | № 4. - С. 144 - 162 : табл., диагр., граф. | ||
| w | Контрольный № источника | RU/IS/BASE/261756947 | ||
| 901 | t | Тип документа | b |